|
|
|
|
| LEADER |
00000nam0a2200000 4500 |
| 001 |
202823 |
| 005 |
20231101225120.0 |
| 010 |
|
|
|a 5235015975
|
| 020 |
|
|
|a RU
|b 91-29813
|
| 035 |
|
|
|a (RuTPU)RU\TPU\book\221019
|
| 090 |
|
|
|a 202823
|
| 100 |
|
|
|a 20111021d1991 m y0rusy5003 ca
|
| 101 |
0 |
|
|a rus
|
| 102 |
|
|
|a RU
|
| 105 |
|
|
|a a z 001zb
|
| 200 |
1 |
|
|a Миронов
|f Е. Ф. Лосев
|
| 210 |
|
|
|a Москва
|c Молодая гвардия
|d 1991
|
| 215 |
|
|
|a 432 с.
|c ил.
|
| 225 |
1 |
|
|a Жизнь замечательных людей. Серия биографий
|h Вып. 715
|
| 320 |
|
|
|a Библиогр.: с. 430.
|
| 600 |
|
1 |
|a Миронов
|b Ф. К.
|c российский военачальник
|f 1872-1921
|g Филипп Кузьмич
|2 stltpush
|3 (RuTPU)RU\TPU\pers\12633
|9 3592
|
| 610 |
1 |
|
|a биографии
|
| 610 |
1 |
|
|a биографическая проза
|
| 610 |
1 |
|
|a Гражданская война 1918-1921
|
| 610 |
1 |
|
|a жизнь
|
| 610 |
1 |
|
|a деятельность
|
| 686 |
|
|
|a Т3(2)712-8
|2 rubbk
|
| 700 |
|
1 |
|a Лосев
|b Е. Ф.
|g Евгений Федорович
|4 070
|
| 801 |
|
0 |
|a RU
|b RuMRKP
|c 19950417
|g psbo
|
| 801 |
|
1 |
|a RU
|b 63413507
|c 20111021
|
| 801 |
|
2 |
|a RU
|b 63413507
|c 20111101
|g RCR
|
| 942 |
|
|
|c BK
|